[Event "36th Zalakaros Festival 2017"]
[Site "Zalakaros"]
[Date "2017.05.25"]
[Round "8"]
[White "Karacsonyi, Gellert"]
[Black "Szente Varga, Fruzsina"]
[Result "1/2-1/2"]
[WhiteElo "2189"]
[BlackElo "2190"]
[Annotator "NA"]
[PlyCount "135"]
[EventDate "2017.??.??"]
[EventType "swiss"]
[EventCountry "HUN"]
[SourceTitle "playchess.com"]
[Source "ChessBase"]
[SourceQuality "1"]
[TimeControl "40/5400+30:1800+30"]

1. e4 {[%emt 0:00:01]} e5 {[%emt 0:00:37]} 2. Nf3 {[%emt 0:00:05]} Nc6 {[%emt 0:00:05]} 3. Bb5 {[%emt 0:00:06]} a6 {[%emt 0:00:05]} 4. Bxc6 {[%emt 0:00:05]} dxc6 {[%emt 0:00:04]} 5. O-O {[%emt 0:00:07]} f6 {[%emt 0:00:06]} 6. d4 {[%emt 0:00:05]} exd4 {[%emt 0:00:08]} 7. Nxd4 {[%emt 0:00:05]} c5 {[%emt 0:00:06]} 8. Nb3 {[%emt 0:00:05]} Qxd1 {[%emt 0:00:06]} 9. Rxd1 {[%emt 0:00:04]} Bg4 {[%emt 0:00:41]} 10. f3 {[%emt 0:00:05]} Be6 {[%emt 0:00:54]} 11. Bf4 {[%emt 0:00:06]} c4 {[%emt 0:00:22]} 12. Nd4 {[%emt 0:00:07]} O-O-O {[%emt 0:00:17]} 13. Nc3 {[%emt 0:00:05]} Bf7 {[%emt 0:04:46]} 14. Kf2 {[%emt 0:00:31]} Ne7 {[%emt 0:09:34]} 15. Be3 {[%emt 0:04:57]} g6 {[%emt 0:16:11]} 16. Nde2 {[%emt 0:01:06]} Bg7 {[%emt 0:13:20]} 17. a4 {[%emt 0:07:05]} b6 {[%emt 0:00:28]} 18. g4 {[%emt 0:13:50]} Nc6 {[%emt 0:21:30]} 19. Nf4 {[%emt 0:05:10]} Nb4 {[%emt 0:01:10]} 20. Rxd8+ {[%emt 0:03:25]} Rxd8 {[%emt 0:00:07]} 21. Rc1 {[%emt 0:01:31]} Bf8 {[%emt 0:06:55]} 22. h4 {[%emt 0:03:29]} Bd6 {[%emt 0:03:23]} 23. Nfe2 {[%emt 0:03:09]} c5 {[%emt 0:03:45]} 24. f4 {[%emt 0:01:38]} Be7 {[%emt 0:00:16]} 25. Ng3 {[%emt 0:04:29]} Kc7 {[%emt 0:02:08]} 26. f5 {[%emt 0:02:41]} Bd6 {[%emt 0:00:33]} 27. g5 {[%emt 0:01:59]} Be5 {[%emt 0:02:06]} 28. Nge2 {[%emt 0:04:43]} Kc6 {[%emt 0:00:39]} 29. gxf6 {[%emt 0:02:05]} gxf5 {[%emt 0:00:24]} 30. exf5 {[%emt 0:00:27]} Rh8 {[%emt 0:06:30]} 31. Ne4 {[%emt 0:25:16]} Bxb2 {[%emt 0:00:17]} 32. Rg1 {[%emt 0:00:26]} Bd5 {[%emt 0:02:56]} 33. Bh6 {[%emt 0:00:27]} Re8 {[%emt 0:03:40]} 34. N4c3 {[%emt 0:00:21]} Rxe2+ {[%emt 0:00:40]} 35. Nxe2 {[%emt 0:03:44]} Bxf6 {[%emt 0:00:05]} 36. Bg5 {[%emt 0:03:35]} Be5 {[%emt 0:00:53]} 37. c3 {[%emt 0:03:17]} Nd3+ {[%emt 0:00:02]} 38. Ke3 {[%emt 0:00:12]} b5 {[%emt 0:01:30]} 39. axb5+ {[%emt 0:03:54]} axb5 {[%emt 0:00:01]} 40. Bh6 {[%emt 0:00:00]} b4 {[%emt 0:01:10]} 41. cxb4 {[%emt 0:07:30]} cxb4 {[%emt 0:00:10]} 42. Bg7 {[%emt 0:00:52]} Bd6 {[%emt 0:01:19]} 43. Bd4 {[%emt 0:02:38]} Bf8 {[%emt 0:02:44]} 44. Bg7 {[%emt 0:08:30]} Bd6 {[%emt 0:00:20]} 45. Nd4+ {[%emt 0:01:19]} Kd7 {[%emt 0:00:58]} 46. Bh6 {[%emt 0:03:31]} Be5 {[%emt 0:03:41]} 47. Ra1 {[%emt 0:00:33]} Bg3 {[%emt 0:03:52]} 48. Kd2 {[%emt 0:03:00]} Bxh4 {[%emt 0:02:08]} 49. Ra7+ {[%emt 0:00:08]} Ke8 {[%emt 0:07:30]} 50. Rxh7 {[%emt 0:00:23]} Bf6 {[%emt 0:04:23]} 51. Nb5 {[%emt 0:00:54]} Bg8 {[%emt 0:03:28]} 52. Nd6+ {[%emt 0:00:37]} Kd8 {[%emt 0:00:04]} 53. Rb7 {[%emt 0:00:46]} Bd5 {[%emt 0:00:29]} 54. Rb5 {[%emt 0:06:02]} Bc6 {[%emt 0:03:44]} 55. Rb6 {[%emt 0:00:31]} Bc3+ {[%emt 0:01:55]} 56. Ke2 {[%emt 0:00:12]} Bd5 {[%emt 0:00:21]} 57. Rb5 {[%emt 0:01:37]} Bc6 {[%emt 0:00:09]} 58. Ra5 {[%emt 0:00:22]} b3 {[%emt 0:02:01]} 59. Ra7 {[%emt 0:00:08]} Bf6 {[%emt 0:01:10]} 60. Be3 {[%emt 0:00:13]} Bd7 {[%emt 0:00:42]} 61. Nxc4 {[%emt 0:01:17]} b2 {[%emt 0:00:20]} 62. Nd2 {[%emt 0:01:51]} Bxf5 {[%emt 0:00:31]} 63. Rf7 {[%emt 0:02:32]} Nc1+ {[%emt 0:00:20]} 64. Kf3 {[%emt 0:00:44]} Nb3 {[%emt 0:00:25]} 65. Rb7 {[%emt 0:00:53]} Bc2 {[%emt 0:01:06]} 66. Rxb3 {[%emt 0:00:49]} Bxb3 {[%emt 0:00:05]} 67. Bc5 {[%emt 0:00:16]} Bc3 {[%emt 0:00:47]} 68. Ke4 1/2-1/2

[Event "36th Zalakaros Festival 2017"]
[Site "Zalakaros"]
[Date "2017.05.25"]
[Round "8"]
[White "Hradeczky, Tamas"]
[Black "Pacan-Milej, Kosma"]
[Result "0-1"]
[WhiteElo "2146"]
[BlackElo "2317"]
[Annotator "NA"]
[PlyCount "104"]
[EventDate "2017.??.??"]
[EventType "swiss"]
[EventCountry "HUN"]
[SourceTitle "playchess.com"]
[Source "ChessBase"]
[SourceQuality "1"]
[TimeControl "40/5400+30:1800+30"]

1. e4 {[%emt 0:00:10]} c5 {[%emt 0:01:12]} 2. Nf3 {[%emt 0:00:07]} d6 {[%emt 0:00:10]} 3. d4 {[%emt 0:00:09]} Nf6 {[%emt 0:00:06]} 4. Nc3 {[%emt 0:01:30]} cxd4 {[%emt 0:00:21]} 5. Nxd4 {[%emt 0:00:13]} a6 {[%emt 0:00:06]} 6. Be2 {[%emt 0:01:11]} e5 {[%emt 0:00:07]} 7. Nb3 {[%emt 0:02:09]} Be7 {[%emt 0:00:29]} 8. Be3 {[%emt 0:01:58]} Be6 {[%emt 0:00:37]} 9. O-O {[%emt 0:00:48]} Nbd7 {[%emt 0:00:14]} 10. a4 {[%emt 0:03:23]} Nb6 {[%emt 0:21:58]} 11. Na5 {[%emt 0:13:56]} Rb8 {[%emt 0:14:07]} 12. Qd2 {[%emt 0:02:51]} O-O {[%emt 0:02:02]} 13. h3 {[%emt 0:09:20]} Qc7 {[%emt 0:01:51]} 14. f4 {[%emt 0:10:07]} exf4 {[%emt 0:11:15]} 15. Rxf4 {[%emt 0:00:15]} d5 {[%emt 0:05:55]} 16. Kh1 {[%emt 0:04:11]} Nxe4 {[%emt 0:09:26]} 17. Nxe4 {[%emt 0:07:44]} dxe4 {[%emt 0:00:06]} 18. Rxe4 {[%emt 0:01:15]} Nd5 {[%emt 0:00:51]} 19. Bg1 {[%emt 0:05:09]} Rbc8 {[%emt 0:06:25]} 20. Nc4 {[%emt 0:05:37]} Rfd8 {[%emt 0:01:35]} 21. Qe1 {[%emt 0:10:47]} Bf6 {[%emt 0:12:13]} 22. Bh2 {[%emt 0:06:27]} Qc6 {[%emt 0:01:30]} 23. Qf1 {[%emt 0:02:25]} b5 {[%emt 0:04:09]} 24. axb5 {[%emt 0:00:43]} axb5 {[%emt 0:00:04]} 25. Na5 {[%emt 0:01:10]} Qxc2 {[%emt 0:01:15]} 26. Bd3 {[%emt 0:00:15]} Qxb2 {[%emt 0:00:56]} 27. Rb1 {[%emt 0:00:20]} Qc3 {[%emt 0:02:20]} 28. Nb7 {[%emt 0:00:28]} Rd7 {[%emt 0:01:55]} 29. Nd6 {[%emt 0:00:33]} Rcd8 {[%emt 0:00:37]} 30. Nxb5 {[%emt 0:00:25]} Qa5 {[%emt 0:00:26]} 31. Nd4 {[%emt 0:01:19]} Nc3 {[%emt 0:00:49]} 32. Nc6 {[%emt 0:04:18]} Rxd3 {[%emt 0:00:40]} 33. Nxa5 {[%emt 0:00:25]} Nxe4 {[%emt 0:00:08]} 34. Nc6 {[%emt 0:01:52]} Rd1 {[%emt 0:00:26]} 35. Nxd8 {[%emt 0:00:24]} Rxf1+ {[%emt 0:00:05]} 36. Rxf1 {[%emt 0:00:07]} Bxd8 {[%emt 0:00:02]} 37. Re1 {[%emt 0:00:27]} f5 {[%emt 0:01:30]} 38. Be5 {[%emt 0:00:17]} Kf7 {[%emt 0:00:32]} 39. Kh2 {[%emt 0:00:13]} g6 {[%emt 0:00:49]} 40. g4 {[%emt 0:00:00]} Bd5 {[%emt 0:00:27]} 41. gxf5 {[%emt 0:00:40]} gxf5 {[%emt 0:00:04]} 42. Bf4 {[%emt 0:00:17]} Ke6 {[%emt 0:02:51]} 43. Ra1 {[%emt 0:00:22]} Nc5 {[%emt 0:02:48]} 44. Ra7 {[%emt 0:04:06]} Be7 {[%emt 0:00:28]} 45. Be3 {[%emt 0:00:27]} Nd3 {[%emt 0:01:27]} 46. Kg1 {[%emt 0:00:30]} h5 {[%emt 0:01:22]} 47. Ra6+ {[%emt 0:00:25]} Ke5 {[%emt 0:00:51]} 48. Rh6 {[%emt 0:00:35]} Bf3 {[%emt 0:00:17]} 49. Rh7 {[%emt 0:00:23]} Bh4 {[%emt 0:00:40]} 50. Rd7 {[%emt 0:00:38]} Nf4 {[%emt 0:01:00]} 51. Bf2 {[%emt 0:03:11]} Nxh3+ {[%emt 0:01:28]} 52. Kf1 {[%emt 0:01:13]} Nxf2 {[%emt 0:00:21]} 0-1

[Event "36th Zalakaros Festival 2017"]
[Site "Zalakaros"]
[Date "2017.05.26"]
[Round "9"]
[White "Rapport, Richard"]
[Black "Banusz, Tamas"]
[Result "1-0"]
[WhiteElo "2698"]
[BlackElo "2616"]
[Annotator "TA"]
[PlyCount "147"]
[EventDate "2017.??.??"]
[EventType "swiss"]
[EventCountry "HUN"]
[SourceTitle "playchess.com"]
[Source "ChessBase"]
[SourceQuality "1"]

{[%evp 11,147,-27,-27,-27,-27,-43,-24,-25,-18,-30,0,-21,-1,-8,-8,0,32,32,31,28,27,27,32,31,31,27,36,27,36,39,44,39,39,43,39,37,71,38,62,48,71,39,54,45,47,49,116,105,129,117,129,131,139,112,191,93,105,81,109,85,112,22,88,0,23,8,47,39,46,44,61,38,42,33,35,33,33,33,91,91,91,91,106,107,122,122,158,112,137,113,117,131,99,92,185,173,195,206,238,241,214,121,236,234,242,237,247,237,214,218,205,71,102,166,75,158,158,160,205,205,204,197,197,197,197,193,388,349,356,312,1441,1442,1475,1171,1488,1517,1139,1216]} 1. d4 d5 2. Nc3 Nf6 3. Bf4 a6 4. e3 e6 5. a3 c5 6. Nf3 {D00: 1 d4 d5: Unusual lines} b5 {LiveBook: 3 Games} 7. Ne5 (7. Bd3 Bb7 8. O-O Nbd7 9. Re1 Be7 10. Ne5 O-O 11. Nxd7 Nxd7 {0-1 (55) Jobava,B (2702)-Carlsen,M (2840) Doha 2016}) 7... Bb7 8. Nd3 $146 {Black has an edge.} ({Predecessor:} 8. Be2 Nc6 9. O-O Be7 10. Bf3 O-O 11. Nxc6 Bxc6 {0-1 (35) Krauseneck,P (2177)-Nisipeanu,L (2665) Bad Wiessee 2014}) 8... cxd4 9. exd4 Qb6 10. Be3 Qc7 11. g3 Nbd7 12. Bg2 Bd6 13. Ne2 Nb6 14. Bf4 Bxf4 15. Nexf4 O-O 16. O-O Ne4 17. Re1 Rac8 18. c3 Na4 19. Rc1 {[%cal Ba1c1,Bc1c2,Bc2e2][%mdl 32]} Rfe8 20. Bh3 Qd6 21. f3 Nf6 22. Rc2 Nd7 23. Rce2 Nf8 24. Qd2 Rc7 25. Nh5 Qd8 26. Nf2 Bc8 27. Ng4 f6 28. Nf2 g6 (28... Nb6 $14) 29. Nf4 $16 Qd6 30. Ng4 $36 {[%mdl 2048] White has strong initiative.} Kf7 31. Nd3 h5 32. Ne3 Kg7 (32... Kg8 $16 33. f4 Ree7) 33. Ng2 (33. g4 $18) 33... Nb6 34. Qe3 Rce7 35. Qf2 Nc4 36. Ngf4 (36. f4 $16) 36... Nh7 (36... Bd7 $11) 37. b3 ({White should try} 37. g4 $1 $16) 37... Nb6 38. Bg2 Nd7 39. Nc5 {[%cal Rc5e6]} e5 40. Nfd3 Nhf8 41. b4 exd4 {aiming for ...Rxe2.} 42. Rxe7+ Rxe7 43. Rxe7+ Qxe7 44. Qxd4 Nxc5 ({Better is} 44... Qe2 $14) 45. Qxc5 ({Reject} 45. Nxc5 Qe1+ 46. Bf1 Bh3 $15) 45... Qxc5+ 46. Nxc5 $14 {[%mdl 4096] Endgame KBN-KBN} Nd7 47. Kf2 Nb6 48. Bf1 Kf7 49. Ke3 Ke7 50. Kd4 Kd6 51. Bd3 f5 52. h4 Na8 (52... Nd7 $16 {keeps fighting.}) 53. Ke3 $18 Ke5 54. Be2 Nb6 55. Nd3+ $1 Kf6 56. Nf4 (56. Kd4 $1 $18) 56... Nc4+ (56... g5 $16) 57. Kd4 Nxa3 58. Nxd5+ Ke6 59. Nf4+ Kf6 60. Kc5 Nb1 61. c4 (61. Nd5+ $1 $18 {and the rest is easy.} Ke5 62. Bd3) 61... bxc4 $16 62. Bxc4 (62. Nd5+ $16 Ke5 63. Bxc4) 62... Nd2 $18 63. Bd5 {And now Kd6 would win.} Bd7 64. Ne2 g5 65. f4 $1 g4 66. Bg2 $1 Bb5 67. Nc3 $1 {[%cal Rc3b5]} Bd3 {[#]} 68. Kd4 $1 {[%cal Rd4d3]} Bf1 $2 (68... Bc4 {was worth a try.} 69. Bb7 Kf7) 69. Bd5 Ke7 70. Ke3 Nc4+ $2 {[#]} (70... Nf3 71. Bb7 (71. Bxf3 gxf3 72. Kxf3 Bc4 $16) 71... Bc4) 71. Bxc4 $1 {White is clearly winning.} Bxc4 72. Kd4 Bb3 73. Ke5 Bc2 74. Nd5+ {Precision: White = 61%, Black = 41%.} 1-0

[Event "36th Zalakaros Festival 2017"]
[Site "Zalakaros"]
[Date "2017.05.26"]
[Round "9"]
[White "Markus, Robert"]
[Black "Svane, Rasmus"]
[Result "1-0"]
[WhiteElo "2673"]
[BlackElo "2573"]
[Annotator "TA"]
[PlyCount "133"]
[EventDate "2017.??.??"]
[EventType "swiss"]
[EventCountry "HUN"]
[SourceTitle "playchess.com"]
[Source "ChessBase"]
[SourceQuality "1"]

{[%evp 10,133,12,0,0,0,2,0,10,-17,-3,-12,4,0,11,0,0,0,23,0,0,0,0,0,12,-12,-6,0,27,18,49,46,44,12,14,0,0,-20,2,0,56,46,54,48,53,53,58,46,57,64,64,62,66,48,101,116,104,75,74,87,71,77,93,10,3,0,0,0,0,0,0,0,0,0,8,0,905,991,943,891,781,783,640,396,1229,1054,29964,29965,29963,29966,29963,29967,29968,29966,29963,29950,29967,29968,29971,29969,29964,29966,29969,0,29954,0,29968,29964,29960,29966,29970,29971,29972,29973,29973,29974,29974,29971,29971,29972,29976,29976,29976,29974,29974,29975]} 1. Nf3 d5 2. g3 g6 3. Bg2 Bg7 4. d4 Nf6 5. O-O O-O 6. Na3 {LiveBook: 3 Games. D02: 1 d4 d5 2 Nf3 sidelines, including 2...Nf6 3 g3 and 2...Nf6 3 Bf4} (6. c4 $5) (6. Nbd2 a5 7. c4 a4 8. cxd5 Qxd5 9. Nb1 Rd8 10. Bf4 Qa5 11. Qc1 Nc6 12. Na3 Nxd4 13. Nxd4 Rxd4 14. Qxc7 Nd5 15. Qxa5 Rxa5 {½-½ (51) Harikrishna,P (2755)-Mamedyarov,S (2772) Shamkir 2017}) 6... b6 7. c4 Bb7 8. Ne5 {The position is equal.} e6 9. Bf4 $146 ({Predecessor:} 9. Bg5 h6 10. Be3 Nbd7 11. h3 c5 12. Qc2 Qb8 13. Nxd7 Nxd7 {0-1 (49) Martin Perez,F-Vera,L Las Palmas 1997}) 9... Na6 10. Rc1 c5 11. dxc5 bxc5 12. Qb3 Qe7 13. Rfd1 {[%cal Rc4d5]} Rfd8 14. Nb5 Nb4 15. a3 Nc6 16. cxd5 exd5 17. Nf3 (17. Nc7 $5 Nxe5 18. Qxb7 $14) 17... c4 18. Qe3 Qxe3 19. Bxe3 Ng4 20. Bf4 h6 21. Nc3 g5 22. Bc7 Bxc3 23. Rxc3 Rd7 24. h3 Nxf2 ({Better is} 24... Nf6 $11 25. Be5 Nxe5 26. Nxe5 Re7) 25. Kxf2 $14 {And now Be5 would win.} Rxc7 26. Rxd5 Ne7 27. Rd4 Rac8 28. Nd2 Bxg2 29. Kxg2 {[%cal Rd4c4]} Nf5 30. Rd5 $1 {[%cal Rd5f5]} ({Not} 30. Rdxc4 $2 Rxc4 31. Nxc4 Rxc4 $1 $19 {[%mdl 512]}) 30... Ne7 31. Ra5 Rd7 (31... Rb7 $14) 32. Nxc4 $16 Nd5 33. Ne5 Nxc3 34. Nxd7 Nxe2 35. Rxa7 {[%mdl 4096] Endgame KRN-KRN} Rc2 36. Kf3 ({White should try} 36. b4 $16) 36... Rxb2 $11 37. Ne5 f5 38. h4 Ng1+ 39. Ke3 Re2+ 40. Kd4 f4 41. gxf4 gxf4 42. Ra6 {Threatens to win with Rg6+.} Rg2 $2 {[%mdl 8192] [#]} (42... Kh7 $11) 43. Rg6+ $1 $18 Rxg6 44. Nxg6 {KN-KN} Ne2+ 45. Ke4 Nc3+ 46. Kxf4 Kf7 $2 (46... Kg7) 47. Kf5 Na4 48. Ne5+ Kg7 49. h5 Nc5 50. Ng4 Na4 51. Ke6 Nc3 52. Ne3 Ne4 53. Nf5+ Kh7 54. Ke5 Nc3 55. Kf4 Nd5+ 56. Ke5 Nc3 57. Ke6 $2 (57. Kf6 {mates} Ne4+ 58. Kf7 Nc5 59. Nd6 Na4 60. Ne4 Kh8 61. Kg6 Kg8 62. Kxh6) 57... Na4 $2 {[%mdl 8192]} (57... Ne4 $11 58. Kd5 Nc3+ 59. Kc4 Na4) 58. Kf7 {White mates.} Nc5 59. Ne3 Ne4 60. a4 Nd6+ 61. Ke6 Nb7 62. Kd5 Kg7 63. Ng4 Na5 64. Kc5 Nb3+ 65. Kb6 Nd2 66. a5 Nc4+ 67. Kb5 {Precision: White = 63%, Black = 61%.} 1-0

[Event "36th Zalakaros Festival 2017"]
[Site "Zalakaros"]
[Date "2017.05.26"]
[Round "9"]
[White "Efimenko, Zahar"]
[Black "Studer, Noel"]
[Result "1-0"]
[WhiteElo "2648"]
[BlackElo "2498"]
[Annotator "TA"]
[PlyCount "111"]
[EventDate "2017.??.??"]
[EventType "swiss"]
[EventCountry "HUN"]
[SourceTitle "playchess.com"]
[Source "ChessBase"]
[SourceQuality "1"]

{[%evp 16,111,6,0,0,0,28,11,16,11,22,-11,-3,-13,-12,-6,0,-28,-16,-23,-27,-30,-12,-20,161,178,208,203,231,231,231,231,231,231,231,216,216,220,232,220,220,220,220,212,237,212,234,234,264,294,294,264,260,260,253,239,451,450,450,450,450,450,442,426,415,264,401,292,559,568,556,507,1331,1353,1214,896,12795,12193,8514,2573,2404,1619,1852,1336,634,8,8,0,0,0,0,0,29985,29986,29986,29987,29989,29990]} 1. Nf3 d5 2. e3 Nf6 3. c4 e6 4. b3 Be7 5. Bb2 O-O 6. d4 c5 {A13: English Opening: 1...e6} 7. Bd3 cxd4 (7... Nc6 8. O-O cxd4 9. Nxd4 Nxd4 10. Bxd4 dxc4 11. Bxc4 Bd7 12. Nd2 Bc6 13. Nf3 Bd5 14. Rc1 Bxc4 15. Rxc4 Rc8 16. Bxa7 Rxc4 17. Qxd8 Rxd8 18. bxc4 Ra8 19. Bd4 Rxa2 {½-½ (63) So,W (2822)-Caruana,F (2817) chess.com INT 2017}) 8. exd4 Nc6 9. Nbd2 {LiveBook: 11 Games} dxc4 10. bxc4 a6 (10... b5 $5) 11. a4 $146 ({Predecessor:} 11. O-O b5 12. cxb5 Nb4 13. Be2 axb5 {½-½ (61) Kurajica,B (2545)-Varga,Z (2455) Medulin 1997}) 11... Rb8 12. O-O b5 13. cxb5 axb5 14. axb5 Nb4 15. Bc4 Bd7 16. Ne5 Bxb5 17. Bxb5 Rxb5 18. Ra7 Nbd5 19. Ndc4 {Black must now prevent Nc6.} Bb4 $2 {[#]} (19... Qc8 $11) 20. Qa4 $1 $36 {[%cal Ra4b5][%mdl 2048] White is on the roll.} Qe8 {[#]} 21. Nd7 $1 {[%mdl 512]} Nxd7 22. Qxb5 N7b6 23. Qxe8 Rxe8 24. Nxb6 Nxb6 25. Rfa1 h5 26. g3 Nd5 27. Ra8 Rxa8 28. Rxa8+ {[%mdl 4096] Endgame KRB-KBN} Kh7 29. Kg2 Be7 30. Bc1 Kg6 31. Kf3 Bg5 32. Bxg5 Kxg5 {KR-KN} 33. h3 Kf6 34. Rd8 g6 35. Ke4 Nb4 $2 (35... Nc3+ {keeps fighting.} 36. Kf3 Kf5) 36. Rd7 Kg7 37. Rb7 Nd5 38. Ke5 Nc3 39. Rc7 Nd5 40. Rc5 {Hoping for Rxd5.} Nf6 (40... Nb4 {was called for.} 41. Rc3 Nd5) 41. Rb5 Nd7+ $2 (41... Ne8 42. d5 exd5 43. Rxd5 f6+ 44. Kd4 Kf7 45. Rd7+ Ke6) 42. Kd6 Nf6 43. f3 Ne8+ (43... Kf8 $142 44. Ke5 Nd7+ 45. Kf4 Nf6) 44. Ke7 Nf6 45. g4 hxg4 46. hxg4 Ng8+ 47. Kd8 (47. Ke8 $142 Nf6+ 48. Ke7) 47... Kf8 48. g5 Ne7 49. Kd7 {Threatening mate with Rb8+.} Nf5 {[#]} 50. Rxf5 $1 {[%mdl 512]} gxf5 {K3P-K3P} (50... exf5 51. d5) 51. f4 Kg8 52. Ke8 Kg7 53. Ke7 Kg8 $2 {[%mdl 8192]} (53... Kg6 $11) 54. g6 {White mates.} fxg6 55. Kxe6 g5 {[#]} 56. d5 $1 {Precision: White = 60%, Black = 40%.} ({Weaker is} 56. fxg5 f4 $11) 1-0

[Event "36th Zalakaros Festival 2017"]
[Site "Zalakaros"]
[Date "2017.05.26"]
[Round "9"]
[White "Nabaty, Tamir"]
[Black "Zubov, Alexander"]
[Result "0-1"]
[WhiteElo "2640"]
[BlackElo "2604"]
[Annotator "TA"]
[PlyCount "132"]
[EventDate "2017.??.??"]
[EventType "swiss"]
[EventCountry "HUN"]
[SourceTitle "playchess.com"]
[Source "ChessBase"]
[SourceQuality "1"]

{[%evp 16,132,0,0,2,-14,-14,-14,6,6,6,6,2,0,0,0,0,0,0,-66,-68,-88,-60,-71,-60,-69,-70,-68,-67,-60,-42,-52,-48,-88,-89,-95,-96,-114,-117,-165,-111,-113,-110,-152,-124,-116,-117,-120,-118,-137,-133,-116,-107,-110,-125,-125,-128,-150,-150,-186,-173,-179,-169,-211,-215,-195,-166,-154,-145,-190,-69,-81,-58,-62,-58,-144,-146,-184,-160,-182,-181,-181,-174,-268,-286,-294,-312,-318,-288,-326,-322,-490,-496,-676,-740,-1852,-1601,-29955,-29959,-29961,-29962,-29963,-29964,-29955,-29958,-10266,-8017,-29964,-29964,-29970,-29971,-29968,-29969,-29969,-29970,-29970,-29971,-29959,-29950]} 1. d4 Nf6 2. c4 g6 3. Nc3 d5 4. Bf4 Bg7 5. e3 O-O 6. Rc1 Be6 {D83: Grünfeld: 4 Bf4 Bg7 5 e3 0-0} 7. c5 c6 8. h3 (8. Bd3 Bc8 9. Bg3 b6 10. b4 Nh5 11. Bh4 a5 12. cxb6 axb4 13. Na4 Nd7 14. Rxc6 {½-½ (31) Wojtaszek,R (2750)-Nepomniachtchi,I (2767) Wijk aan Zee 2017}) 8... Ne4 9. Bd3 {LiveBook: 3 Games} Bf5 10. Nxe4 Bxe4 11. Bxe4 {Black must now prevent Bc2.} dxe4 $146 ({Predecessor:} 11... Qa5+ 12. Rc3 dxe4 13. Ne2 Qxa2 14. O-O Nd7 {0-1 (47) Xiang,Z (2237)-Li,B (2413) Shenzhen 2016}) 12. Ne2 Nd7 {[%cal Bb8d7,Bd7e5,Be5d3][%mdl 32]} 13. O-O e5 14. dxe5 Nxe5 15. Qb3 Nd3 $36 {[%mdl 2048] Black has some pressure.} 16. Rcd1 Qd5 17. Qxb7 (17. Qxd5 $11 cxd5 18. Bd6) 17... Qxc5 $15 18. Bg3 Bxb2 19. Nf4 Qc2 20. Qb3 Qxb3 21. axb3 Rfd8 22. Rd2 Nxf4 (22... Bg7 {with more complications.} 23. Bh4 f6 24. Ne6 Rd7 25. Rc2 Rd6) 23. Rxb2 Nd3 24. Ra2 Rd7 25. Ra4 f5 26. f3 exf3 27. Rxf3 Rb7 (27... Nc5 $1 $19 {[%cal Rc5a4]} 28. Rd4 Rb7) 28. Bd6 $17 Rd8 29. Ba3 Re8 30. g4 fxg4 31. hxg4 c5 32. Kf1 Ree7 33. Ke2 Rxb3 34. e4 Nb2 35. Rxb3 Nxa4 {[%mdl 4096] Endgame KRB-KRN} 36. Ke3 Kf7 37. Rb8 Ke6 38. Rb5 Rc7 $1 39. Ra5 Nb6 {aiming for ...Nc4+.} 40. Kd3 Kd6 41. g5 Nd7 42. Ra6+ Ke7 (42... Ke5 $1 $19 {Hoping for ...Rb7.} 43. Ke3 Rb7) 43. Bb2 Nb6 44. Be5 $1 {[%cal Re5c7]} Rd7+ 45. Kc3 {[#]} ({Better is} 45. Ke2 $15) 45... Rb7 $1 46. Bf4 {[#]} Kd7 $1 47. Be3 Kc6 48. Ra5 Nd7 49. Ra6+ (49. Bf2 $142) 49... Kb5 $19 50. Re6 Nb6 51. Re8 a5 {[%cal Ba7a5,Ba5a4][%mdl 32]} 52. Bc1 a4 53. e5 {[#]} (53. Kc2 $142) 53... Re7 $1 {[%mdl 512]} 54. Rxe7 Nd5+ 55. Kd3 Nxe7 {KB-KN} 56. e6 Kc6 57. Kc4 Kd6 58. Kb5 Nf5 59. e7 Nxe7 60. Ba3 Ke5 61. Kxa4 Kf5 {Black mates.} 62. Bc1 Nc6 63. Kb5 Ne5 64. Bb2 c4 65. Bc3 Ke4 66. Kc5 Nf3 {Precision: White = 40%, Black = 79%.} 0-1

[Event "36th Zalakaros Festival 2017"]
[Site "Zalakaros"]
[Date "2017.05.26"]
[Round "9"]
[White "Gupta, Abhijeet"]
[Black "Danin, Alexandre"]
[Result "1/2-1/2"]
[WhiteElo "2626"]
[BlackElo "2543"]
[Annotator "TA"]
[PlyCount "112"]
[EventDate "2017.??.??"]
[EventType "swiss"]
[EventCountry "HUN"]
[SourceTitle "playchess.com"]
[Source "ChessBase"]
[SourceQuality "1"]

{[%evp 13,112,23,22,15,31,31,24,20,31,12,43,30,22,25,66,63,67,73,62,31,37,25,37,37,42,34,52,20,94,81,65,28,67,32,39,45,45,0,27,0,12,-109,-112,-93,-87,-74,-110,-143,-141,-142,-109,-152,-148,-134,-130,-143,-97,-131,-93,-104,-104,-126,-69,-124,-4,-179,-106,-104,-89,-106,0,0,0,0,0,0,0,0,0,-16,12,-10,-12,-15,0,0,0,0,0,0,0,0,0,0,0,0,0,0,0,0,0]} 1. d4 d5 2. c4 c6 3. Nc3 Nf6 4. e3 a6 5. Nf3 Bf5 6. Qb3 Ra7 {D15: Slav Defence: 4 Nc3 a6 and gambit lines after 4 Nc3 dxc4} 7. Nh4 Bc8 {LiveBook: 10 Games} 8. Qc2 (8. Bd2 e6 9. Nf3 Nbd7 10. c5 b6 11. cxb6 Qxb6 12. Qc2 Bd6 13. Rc1 Bb7 14. Bd3 {0-1 (40) Romanov,E (2636)-Malakhov,V (2712) Sochi 2017}) 8... dxc4 9. Bxc4 e6 10. Nf3 c5 11. a4 Nc6 {[%cal Rc5d4]} 12. O-O cxd4 13. Rd1 $146 {[%cal Re3d4]} ({Predecessor:} 13. exd4 Be7 14. Bg5 {1-0 (65) Nyback,T (2594)-Koykka,P (2307) Sastamala 2014}) 13... Be7 14. Nxd4 Qc7 15. Nxc6 bxc6 16. Qe2 O-O 17. e4 Nd7 18. Be3 Ra8 19. a5 Bb4 20. Qh5 c5 (20... Rb8 $11) 21. Bg5 Re8 22. Rd3 Bb7 23. Rf3 Nf8 24. Bf4 Qc6 25. Re1 (25. Bd6 $5 {[%cal Rh5f7]} Ng6 26. e5 $14) 25... Rad8 26. Bg5 Rd7 27. h4 (27. Bb3 $11) 27... Ng6 28. Bb3 {Threatening Ba4.} Qc7 29. Rg3 c4 30. Bc2 Bd6 31. Rge3 Ne5 32. Qe2 Bc6 33. Bf4 Qxa5 34. Rd1 Rdd8 35. h5 Qc7 36. h6 g6 37. Bg5 Be7 (37... Rb8 $17 38. Bb1 Rb4) 38. Rxd8 (38. Bxe7 $15 Rxe7 39. b3 (39. Rxd8+ Qxd8 40. f4 Rd7 $17)) 38... Rxd8 (38... Bxd8 $17 39. Bf4 Bf6 40. Bxe5 Bxe5 41. Qxc4 Bh2+ 42. Kh1 Bf4) 39. Bf4 $2 (39. Bxe7 $11 {and White stays safe.} Qxe7 40. f4) 39... Bd6 ({Black should try} 39... Bc5 $19 40. Rg3 Bd4) 40. Nd5 $17 exd5 41. exd5 {[#]} Nf3+ $1 {[%mdl 512]} 42. Rxf3 $11 {Black must now prevent Bxd6.The position is equal.} (42. Qxf3 Bxf4) 42... Bxd5 43. Re3 {Re8+ would kill now.} Rf8 (43... Be6 $5 {[%cal Rd6f4]} 44. Bg5 Rf8 45. Rxe6 fxe6 46. Qxe6+ Qf7 47. Qxd6 Qxf2+ 48. Kh2 Qxc2 49. Qd5+ Rf7 50. Qa8+ Rf8 51. Qd5+ Rf7 52. Qa8+ Rf8 53. Qd5+ $11) 44. Bxd6 Qxd6 45. Qd2 Rd8 $1 ({Don't go for} 45... f6 $2 46. Be4 $18) 46. Qd4 {[%csl Gh6][%cal Rd4g7]} f6 47. Re1 {Rd1 is the strong threat.} Bf7 48. Qa7 Rf8 {And now ...Qd2 would win.} (48... Qb8 $5 {[%cal Rb8a7]} 49. Re7 Qxa7 50. Rxa7 f5 $15) 49. Rd1 $40 {[%mdl 128] White attacks.} Qf4 (49... Qe6 {seems wilder.} 50. Qd4 Qe5 51. Qb6 a5 52. Ba4 Qf4) 50. Qxa6 Qxh6 51. Qxf6 Qg7 52. Qb6 Qe5 53. Rd6 Qe1+ 54. Kh2 Qe5+ 55. Kg1 Qe1+ 56. Kh2 Qe5+ {Precision: White = 53%, Black = 53%.} 1/2-1/2